| 000 | 00752nam a22001937a 4500 | ||
|---|---|---|---|
| 005 | 20160303112805.0 | ||
| 008 | 160303b mx||||| |||| 00| 0 spa d | ||
| 020 | _a9684526024 | ||
| 050 | 0 | 4 |
_aKGF3230 _bC67 1992 |
| 100 | 1 | _aCortiñas-Peláez, Léon | |
| 245 | 1 | 0 |
_aIntroducción al derecho administrativo I / _cLeón Cortiñas-Peláez ; colaboración de Léon Cortiñas-Peláez... [et al]. |
| 250 | _a1a ed. | ||
| 260 |
_aMéxico : _bPorrúa, _cc1992 |
||
| 300 |
_a361 p. ; _c21 cm. |
||
| 505 | _aContenido : En las respectivas redacción-base que se indican en los apartados (Un texto actualizado de los programas oficiales) | ||
| 650 | 7 |
_2Lemb _aDerecho administartivo _zMéxico |
|
| 700 |
_aLeón Cortiñas-Peláez _ecolab. |
||
| 942 |
_2lcc _cLIB |
||
| 999 |
_c114145 _d114145 |
||